000 00367nam a2200133Ia 4500
008 220214s9999 xx 000 0 und d
022 _a0013-8762
245 0 _aBULLETIN OF ENTOMOLOGY
260 _bEntomolgical Society of India, New Delhi
_aIndia
310 _aA
500 _aEnding Volume & Year: 23, 1982
500 _aStarting Volume & Year: 8, 1967
942 _cBJ
999 _c9693
_d9693